Arte vasco-atlántido (Registro nro. 114522)

Detalles MARC
000 -LEADER
campo de control de longitud fija 00581nam a2200157 i 4500
001 - NÚMERO DE CONTROL
campo de control 114522
003 - IDENTIFICADOR DE NÚMERO DE CONTROL
campo de control ES-MaACL
005 - FECHA Y HORA DE LA ÚLTIMA TRANSACCIÓN
campo de control 20230906190158.0
007 - CAMPO FIJO DE DESCRIPCIÓN FÍSICA--INFORMACIÓN GENERAL
campo de control de longitud fija t|
008 - DATOS DE LONGITUD FIJA--INFORMACIÓN GENERAL
campo de control de longitud fija 070307s1957 sp ||||1| spa d
100 1# - ENTRADA PRINCIPAL--NOMBRE DE PERSONA
Nombre de persona Quadra Salcedo, Andrés de la.
9 (RLIN) 94472
245 10 - MENCIÓN DEL TÍTULO
Título Arte vasco-atlántido
Resto del título : Cueva del Valle de Salcedo (Encartaciones, Vizcaya) /
Mención de responsabilidad, etc. Andrés de la Quadra-Salcedo.
260 ## - PUBLICACIÓN, DISTRIBUCIÓN, ETC.
Lugar de publicación, distribución, etc. [S.l. :
Nombre del editor, distribuidor, etc. s.n.,
Fecha de publicación, distribución, etc. 1957?] (
Lugar de fabricación/manufactura Bilbao :
Fabricante Talleres El Noticiero Bilbaíno)
300 ## - DESCRIPCIÓN FÍSICA
Extensión 45 p., 10 h. de lám., 5 h. de gráf. pleg. ;
Dimensiones 24 cm.
852 ## - LOCALIZACIÓN
Ubicación ES-MaACL
Número de control de estantería 1980-F-11
Sublocalización o colección R.40920
Existencias
Estatus retirado Estado de pérdida Estado de daño No para préstamo Colección Biblioteca de origen Biblioteca actual Ubicación en estantería Fecha de adquisición Fuente de adquisición Total de préstamos Signatura topográfica completa Código de barras Visto por última vez Precio de reemplazo Tipo de ítem Koha
        Colección de folletos Biblioteca del Ateneo de Madrid Biblioteca del Ateneo de Madrid Depósito folletos 17/01/2008     1980-F-11 1119431 23/02/2023 23/02/2023 Folleto